|
|
|
|
| LEADER |
01962nam a2200445 i 4500 |
| 001 |
nkc20213368087 |
| 003 |
CZ PrNK |
| 005 |
20220322142729.0 |
| 007 |
ta |
| 008 |
211021s2021 xr g 000 j cze |
| 015 |
|
|
|a cnb003368087
|
| 020 |
|
|
|a 978-80-257-3569-5
|q (brožováno) :
|c Kč 298,00
|
| 035 |
|
|
|a (OCoLC)1302727792
|
| 040 |
|
|
|a ABG001
|b cze
|e rda
|
| 041 |
1 |
|
|a cze
|h vie
|
| 072 |
|
7 |
|a 821
|x Literatura v různých jazycích
|2 Konspekt
|9 25
|
| 080 |
|
|
|a 821.612.91-32
|2 MRF
|
| 080 |
|
|
|a (0:82-32)
|2 MRF
|
| 080 |
|
|
|a (082.21)
|2 MRF
|
| 100 |
1 |
|
|a Nguyễn, Huy Thiệp,
|d 1950-2021
|7 xx0086824
|4 aut
|
| 245 |
1 |
0 |
|a Když není král /
|c Nguyen Huy Thiep ; přeložil Petr Komers
|
| 250 |
|
|
|a Vydání první
|
| 264 |
|
1 |
|a Praha :
|b Argo,
|c 2021
|
| 300 |
|
|
|a 229 stran ;
|c 20 cm
|
| 336 |
|
|
|a text
|b txt
|2 rdacontent
|
| 337 |
|
|
|a bez média
|b n
|2 rdamedia
|
| 338 |
|
|
|a svazek
|b nc
|2 rdacarrier
|
| 500 |
|
|
|a Přeloženo z vietnamštiny
|
| 520 |
2 |
|
|a Tematicky pestrý výbor povídek současného vietnamského autora.
|b Výbor povídek se pokouší představit Nguyen Huy Thiepa jako autora, který dokázal vždy znovu překvapit novým námětem nebo i jeho ztvárněním. Vedle hutných vyprávění z každodenní současnosti tak nechybí syrový exkurz do historie, pseudoreportáž z kuriózního trhu, náhled do křehkého dětského světa, hrst pohádkových příběhů z horské vesnice či anekdotická historka z hanojské čtvrti. Nakladatelská anotace.
|
| 655 |
|
7 |
|a vietnamské povídky
|7 fd473548
|2 czenas
|
| 655 |
|
7 |
|a výbory
|7 fd133853
|2 czenas
|
| 655 |
|
9 |
|a Vietnamese short stories
|2 eczenas
|
| 655 |
|
9 |
|a selected works
|2 eczenas
|
| 700 |
1 |
|
|a Komers, Petr,
|d 1974-
|7 xx0008926
|4 com
|4 cwt
|4 trl
|
| 910 |
2 |
|
|a BOA001
|b 1-1482.591
|
| 920 |
|
|
|a 4617758
|z ABG001
|
| 990 |
|
|
|a BK
|
| 995 |
|
|
|a 01
|
| 991 |
|
|
|b 202203
|c NOV
|
| 996 |
6 |
|
|b 2610895482
|c 1-1482.591
|l MZK
|r Sklad / do 1 hodiny
|n 2
|p p.v.
|w 001878824
|u 000010
|a 1
|e BOA001
|j MZK50
|s P
|